000 00302nam a2200133Ia 4500
100 _aMillman/J/ Halkias/C.C
942 _cBK
654 _aintegrated
245 _aIntegrated electronics
260 _bMcGraw Hill
_aSingapore
_c1972
082 _a621.38179
_bmil/h
300 _a911
546 _aENGLISH
999 _c35221
_d35221